中国大陆旅客吞吐量top50机场 Top mainland China airports by passenger throughput - Statistics

General Stats
  • This quiz has been taken 810 times
  • The average score is 39 of 50
Answer Stats
排名 城市 旅客吞吐 % Correct
2 上海/浦东 54
99%
1 广州/白云 63
98%
3 北京/首都 53
98%
7 上海/虹桥 42
98%
11 北京/大兴 39
98%
4 深圳/宝安 53
96%
5 成都/天府 45
96%
12 成都/双流 30
96%
6 重庆/江北 45
93%
13 南京/禄口 27
93%
15 武汉/天河 26
93%
17 乌鲁木齐/地窝堡 25
93%
14 长沙/黄花 27
92%
10 杭州/萧山 41
91%
22 哈尔滨/太平 21
91%
23 沈阳/桃仙 21
90%
9 西安/咸阳 41
89%
19 厦门/高崎 24
89%
21 青岛/胶东 21
88%
16 郑州/新郑 25
87%
29 长春/龙嘉 15
87%
8 昆明/长水 42
86%
26 济南/遥墙 18
86%
27 大连/周水子 16
86%
25 天津/滨海 18
85%
31 福州/长乐 13
85%
39 石家庄/正定 10
83%
24 贵阳/龙洞堡 19
82%
36 呼和浩特/白塔 11
82%
48 拉萨/贡嘎 5
82%
28 兰州/中川 16
80%
30 南宁/吴圩 14
80%
38 南昌/昌北 10
80%
33 太原/武宿 13
78%
32 宁波/栎社 13
75%
40 无锡/硕放 9
74%
37 合肥/新桥 11
73%
45 西宁/曹家堡 7
72%
41 银川/河东 8
71%
18 海口/美兰 24
67%
20 三亚/凤凰 22
64%
34 温州/龙湾 12
62%
47 泉州/晋江 7
53%
42 烟台/蓬莱 8
48%
50 常州/奔牛 4
48%
35 珠海/金湾 11
46%
49 桂林/两江 5
44%
44 揭阳/潮汕 7
33%
43 丽江/三义 7
24%
46 西双版纳/嘎洒 7
21%
No matching quizzes found
Score Distribution
Percent of People with Each Score
Percentile by Number Answered
Your Score History
You have not taken this quiz